LEADER 00952nam a2200277 i 4500 001 991001709069707536 005 20020503152730.0 008 971016s1996 it ||| | ita 035 $ab10261758-39ule_inst 035 $aEXGIL90156$9ExL 040 $aBiblioteca Interfacoltà$bita 245 10$aAbruzzo, Molise, Campania, Puglia 260 $aNovara :$bIstituto geografico De Agostini,$c[1996] 300 $a347 p. :$bill. ;$c22 cm. 490 0 $aGuida turistica d'Italia 500 $aIn custodia. 650 4$aMolise$xGuide 650 4$aPuglia$xGuide 651 4$aAbruzzo$xGuide 651 4$aCampania$xGuide 907 $a.b10261758$b17-02-17$c27-06-02 912 $a991001709069707536 945 $aLE002 Enc. Geogr. 43/I$g1$iLE002-22360N$lle002$o-$pE0.00$q-$rl$s- $t0$u0$v0$w0$x0$y.i10312304$z27-06-02 996 $aAbruzzo, Molise, Campania, Puglia$9211400 997 $aUNISALENTO 998 $ale002$b01-01-97$cm$da $e-$fita$git $h0$i1